=LDR 00000nam 2200000 4500 =001 INLIS000000000022326 =005 20130612121108 =008 ***********************************Ind** =035 ##$$0010-061300000022326 =041 ##$$a Ind =082 ##$$a 658.88 =090 ##$$a 658.88, Sin-d =100 ##$$a Sinungan, Muchdarsyah =245 ##$$a Dasar-dasar dan managemen kredit, Drs. Muchdarsyah Sinungan =260 ##$$a 1995 $b Jakarta =300 ##$$a x, 182 hlm., ilus., 21 cm =650 ##$$a Manajamen kredit =850 ##$$a NBPNMAT